01015nam a2200265 a 450000100060000000300080000600500170001400800410003102000440007203500190011604000270013504100080016208200300017024501670020026000520036730000330041949000580045250400380051065000190054865000410056770000160060870000310062471000360065583000580069173369BD-RjUL20211209082403.0170530s1983 ii a b f000 0 eng d c: Inland: IRs. 34.00 ; Foreign: $ 7.50  a(BD-RjUL)73587 aDLCcDLCdBD-RjULbeng aeng00223a590.7230954bREC 198300aRecords of the Zoological Survey of India:bAphids (Homoptera : Aphididae) of Nepal /cby B. C. Das and D. N. Raychaudhuri ; edited by Zoological Survey of India aCalcutta :bZoological Survey of India,cc1983. a[4], 79 p. :bill. ;c25 cm. aMiscellaneous publication: occasional paper;vno. 51. aIncludes bibliography: [p. 77-79] 0aAphidszNepal. 0aZoologyxDescriptive ResearchzIndia1 aDas, B. C. 1 aRaychaudhuri, D. N.d1924-2 aZoological Survey of India, ed. aMiscellaneous publication: occasional paper;vno. 51.